Countries With Similar Flags #5 - Statistics

General Stats
  • This quiz has been taken 36 times
  • The average score is 9 of 11
Answer Stats
Picture Answer % Correct
France
100%
Belgium
97%
Ireland
97%
Italy
97%
Ivory Coast
87%
Nigeria
87%
Romania
87%
Peru
80%
Chad
77%
Guinea
67%
Mali
67%
No matching quizzes found
Score Distribution
Percent of People with Each Score
Percentile by Number Answered
Your Score History
You have not taken this quiz